| 000 | 00822nam a22002297a 4500 | ||
|---|---|---|---|
| 005 | 20230920124604.0 | ||
| 010 | _aENG-138158 | ||
| 020 |
_a9788195392025 _c424.00 |
||
| 035 | _aEN-121690 | ||
| 037 | _bDBAD/PUB | ||
| 082 | _a670 | ||
| 100 |
_aSreekanth, D.V _957093 |
||
| 245 |
_aProduction Technology / _cBy D.V Sreekanth...[et.al] Edited By P. Santosh Kumar Patra |
||
| 260 |
_aHyderabad _bM/s StudentsHelpline Publishing House (P) Ltd _c2023 |
||
| 270 |
_a7-1-277/242, 2nd Floor, Near BK Guda Park, S R Nagar _bHyderabad _e500038 |
||
| 300 |
_axvi, 280p. _c25cm(pbk) |
||
| 700 |
_aPatra, P.Santosh Kumar _956902 _eEditor |
||
| 700 |
_aPavankalyan, S. _956998 _eAuthor |
||
| 700 |
_aYadav, Y. Chandrasekhar _956999 _eAuthor |
||
| 700 |
_aParamesh, T. _957000 _eAuthor |
||
| 942 |
_2ddc _cEN _h670 _mSRE |
||
| 999 |
_c198397 _d198397 |
||